000 00629nam a2200217Ia 4500
005 20250508163653.0
008 008 250505s9999 xx 000 0 hin d
037 _aTextBook
040 _aFEDL
_beng
_cFEDL
041 _ahin
_2hin
084 _a370.954, CHO
_qFEDL
100 _aChoube Saryu Prasad
_9775935
245 0 _aBhart ki aadhunik shiksha ka itihas aur samasyain
260 _aAyodhya, India
_bBhavdia Prakashan
_c1997
300 _avi,846p
365 _aINR
_b300
650 _aEducation - India
700 _a Choube Akhilesh
_9775936
942 _cTB
_h370.954, CHO
999 _c1384612
_d1384612